| 000 | 00943nam a2200241 a 4500 | ||
|---|---|---|---|
| 001 | 000048959 | ||
| 005 | 20201002061537.0 | ||
| 008 | 190425s2015 dr bcd 000 0 spa d | ||
| 020 | _a9789945894110 | ||
| 040 |
_aDO-SdBNP _bspa _cBNPHU |
||
| 082 |
_axxx _bxxx |
||
| 100 | 1 |
_aGómez Valenzuela, Víctor _974056 |
|
| 245 | 1 | 0 |
_aValor de los ecosistemas protegidos de la República Dominicana / _cVíctor Gómez Valenzuela, Francisco Alízar, Solhanlle Bonilla ; prólogo Bautista Rojas Gómez. |
| 260 |
_aSanto Domingo, : _bMinisterio de Medio Ambiente y Recursos Naturales, _c2015. |
||
| 300 |
_a213 p. : _bmapa, retr., diagr. ; _c28 cm. |
||
| 500 | _aIncluye datos biografícos de los autores. | ||
| 500 | _aIncluye infografías | ||
| 504 | _aBibliografía p: 181-193 | ||
| 590 | _aInventariado, 2019/ YL | ||
| 700 | 1 | 2 |
_aAlpízar, Francisco _976387 |
| 700 | 1 | 2 |
_aBonilla, Solhanlle _976388 |
| 700 | 1 | 2 |
_aRojas Gómez, Bautista _eprol. _91410 |
| 999 |
_c48447 _d48447 |
||